000 00468nab a2200181 4500
001 244442
003 OSt
005 20230726132427.0
007 tu
008 200917s2020|||||||
040 _aDE-2950
_cDE-2950
245 0 0 _aNeue Wasserflöhe für Brandenburg
264 _c2023
653 _aFrankfurt (Oder)
653 _aStadion der Freundschaft
773 0 _g34. Jahrgang (2023) Nr. 160 vom 12.07.2023, S. 15, mit Foto
_tMärkische Oderzeitung
942 _2z
_cA
999 _c372637
_d372637